| 000 | 01032pam a2200313 a 4500 | ||
|---|---|---|---|
| 999 |
_c2920 _d2920 |
||
| 001 | 3070739 | ||
| 003 | GBCCL | ||
| 005 | 20241126110443.0 | ||
| 008 | 970421s1997 caua b 000 0deng | ||
| 010 | _a 97019967 | ||
| 020 | _a0830719342 (hardcover) | ||
| 040 |
_aDLC _cDLC _dDLC |
||
| 043 | _an-us--- | ||
| 050 | 0 | 0 |
_aBV3790 _b.T675 1997 |
| 082 | 0 | 0 |
_a269.24 _221 _bAND |
| 100 | 1 |
_aTowns, Elmer L. _9410 |
|
| 245 | 1 | 0 |
_aRivers of revival / _cElmer L. Towns and Neil T. Anderson. |
| 260 |
_aVentura, Calif. : _bRegal, _cc1997. |
||
| 300 |
_a350 p. : _bill. ; _c23 cm. |
||
| 504 | _aIncludes bibliographical references (p. [345]-350). | ||
| 650 | 0 |
_aRevivals. _9344 |
|
| 650 | 0 |
_aEvangelistic work. _9290 |
|
| 650 | 0 |
_aRevivals _xHistory. _96087 |
|
| 650 | 0 |
_aEvangelists _zUnited States. _96099 |
|
| 700 | 1 |
_aAnderson, Neil T., _d1942- _93947 |
|
| 906 |
_a7 _bcbc _corignew _d1 _eocip _f19 _gy-gencatlg |
||
| 942 |
_2ddc _cBK _03 |
||